| 000 | 00576nam a2200169 a 4500 | ||
|---|---|---|---|
| 001 | 000040652 | ||
| 005 | 20201002034259.0 | ||
| 008 | 130904s2012 sp 000 0 spa d | ||
| 020 | _a9788469521236 | ||
| 040 |
_aDO-SdBNP _bspa _cBNPHU |
||
| 100 | 1 |
_aVázquez Serrano, Carmen _966872 |
|
| 245 | 1 | 0 |
_aInfecciones del tracto urinario / _cCarmen Vázquez Serrano, Francisca Socorro López López, Camen Ríos Paredes. |
| 260 |
_aMadrid :, _c2012. |
||
| 300 |
_a70 p. : _bil. ; _c22 cm. |
||
| 700 | 1 |
_aLópez López, Francisca Socorro _966873 |
|
| 700 | 1 |
_aRío Paredes, Carmen _967012 |
|
| 999 |
_c40142 _d40142 |
||